Milan Augustín - 65

Bibliographic Details
Format: Article
Language:Slovak
PhysicalDescription:Fotogr.
ISSN:1335-7786
Subjects:

MARC

LEADER 00000nab a2200000 a 4500
001 vtls010477347
003 SK-MaSNL
005 20260304160055.0
008 250507c2012 xo ||||||||||||00 b|slo
015 |a SNBRB2012/12  |2 snkbucl 
035 |a (uuid)e74e678f-38bd-4a73-b8aa-edf5bfdd5a85 
035 |a urn:nbn:sk:snk-abevh1 
035 |a (urnnbn)urn:nbn:sk:snk:ar-003316 
038 |a SNKBUCL 
040 |a SNKBUCL  |b slo  |c SNKBUCL  |e AACR2 
041 0 |a slo 
044 |a xo  |c SK 
080 |a 82:929:821.162.4  |2 2001 
080 |a 929 Augustín, Milan  |2 2001 
080 |a 821.162.4:929  |2 2001 
080 |a 82-051  |2 2001 
245 0 0 |a Milan Augustín - 65  |c [autor] ŠAH 
300 |b Fotogr. 
500 |a Na dokumente uvedený nesprávny ročník (IV.+127.) 
500 |a V rubrike Pripomíname si 
600 1 7 |a Augustín, Milan,  |d 1947-  |2 snkbucl  |9 14653 
650 0 7 |a slovenskí spisovatelia  |2 snkbucl  |9 1258 
655 7 |a profily  |2 snkbucl  |9 341977 
773 0 |t Slovenské pohľady  |g Roč. IV.+128., č. 7-8 (2012), s. 320  |x 1335-7786 
850 |a Slovenská národná knižnica 
852 |a Slovenská národná knižnica 
958 |a article27 
958 |a LX 
958 |a BX 
958 |a SK 
958 |a OND 
958 |a EUIPO 
999 |c 2965367  |d 2967297